01083nam a2200169Ia 4500001001300000003001000013008004100023040002500064041000700089100002600096245008900122250001100211260006900222300001200291500057400303650003600877b4766-31190 IT-MiCISF161014s9999||||xx |||||||||||||| ||und|| aIT-MiCISFcIT-MiCISF ait aRiggi Pignata Ausilia 0aDa donna a donnebUn messaggio femminile attraverso i confini del sacro nella Chiesa a1a ed. a S. Pietro in Cariano (VR)bIl Segno dei Gabrielli editoric2000 app. 315 a / donna, chiesa, matrimonio, operatori-pastorali, esperienze, celibato / Tentativo di analizzare la posizione e il ruolo della donna nella Chiesa a partire dalla sua relazione con i presbiteri, e rimettendo in discussione il significato e le ragioni del celibato sacerdotale obbligatorio. In particolare, la seconda parte presenta cinquanta storie di donne la cui esperienza di vita è€ stata segnata dal loro rapporto (di diverso genere) con i preti, da cui emerge la drammaticità€ di tante situazioni di sacerdoti che hanno lasciato il ministero e delle loro mogli. a Temi di pastorale / donnae012